Walter White Quotes by Scene (Slideshow) Quiz Stats

Quiz not verified by Sporcle

Challenge
Share
Tweet
Score 0/45 Timer 12:00
0 Plays Today
% Correct
I AM the danger.
84%
I won.
78%
You got me.
77.5%
This is not meth.
75.4%
Say my name.
74.9%
Only you're too STUPID to know it!
72.8%
This is my confession.
72.1%
You brought a meth lab to the airport?
71.6%
Jesse, you are now a millionaire.
71.1%
I did it for me...I liked it.
70%
We tried to poison you.
69.7%
Run.
68.7%
I'm in the empire business.
67.6%
Kill me right now...DO IT!
67.1%
Maybe your best course would be to tread lightly.
66.6%
Stay out of my territory.
62.9%
I've got the talking pillow now.
62.8%
I have cancer...lung cancer.
62.4%
WHERE IS THE MONEY?!
60.2%
I am awake.
58.8%
Can you handle FOUR pounds?
57.2%
No, no, I cut YOU in.
54.4%
Because I say so.
53.3%
% Correct
We're done when I say we're done.
52.2%
This is not an admission of guilt.
51.6%
Do your hands have to be registered as lethal weapons?
50.4%
You're a blowfish!
50.3%
I watched Jane die.
49.7%
They're going to kill me.
46.7%
Your meth is good, Jesse. As good as mine.
46.2%
You led him right to us.
43.6%
Maybe he's still out there.
42.6%
We're a family!
40.1%
He probably threatened someone before breakfast this morning.
37.2%
I'm talking with Ted.
35.4%
Coward!
35%
Wipe down this!
32.8%
Nice job wearing the pants.
30.1%
Why are you BLUE?
29.3%
Nothing stops this train.
29%
We've got dipping sticks.
26.7%
I'm sorry about Jane.
26%
Bring...the bottle...back!
25.4%
You're WELCOME!
16.3%
Or else you'll do what?
13.8%

You're not logged in!

Compare scores with friends on all Sporcle quizzes.
Sign Up with Email
OR
Log In

You Might Also Like...

Show Comments

Extras

Top Quizzes Today


Score Distribution

Your Account Isn't Verified!

In order to create a playlist on Sporcle, you need to verify the email address you used during registration. Go to your Sporcle Settings to finish the process.